00858nam a2200253Ia 450000500170000000800410001702000180005808200160007610000190009224500660011125000180017730000630019549000100025860000470026865000290031565000380034465000330038270000340041526400320044933600270048133700330050833800280054104000350056920220317001544.0161108s2009 sp ao g 000 0 s  a978843423466604a925.3bE35t1 aTello, Antonio10aAlbert EinsteinctextobAntonio Tello ; ilustracionesbArmand a1a. edición a63 páginasbilustraciones, fotografías en colorc27 cm aYo...14aEinstein, Albertd1879-1955xBiografías 142LEMBaFísicaxHistoria142LEMBaCientíficosxBiografías142LEMBaRelatividad (Física)1 aVillavert, Armandeilustrador aBarcelonabParramónc2009 atextobtxt2rdacontent asin mediaciónbn2rdamedia avolumenbnc2rdacarrier aCO-BoRNBPbspaerdacCO-BoRNBP